Sejarah pendidikan di Malaysia (Record no. 98045)
[ view plain ]
| 000 -LEADER | |
|---|---|
| fixed length control field | 00756nam a2200265 i 4500 |
| 001 - CONTROL NUMBER | |
| control field | C2-0293328 |
| 003 - CONTROL NUMBER IDENTIFIER | |
| control field | PPAK |
| 005 - DATE AND TIME OF LATEST TRANSACTION | |
| control field | 20180728025204.0 |
| 008 - FIXED-LENGTH DATA ELEMENTS--GENERAL INFORMATION | |
| fixed length control field | 090125s2009 my a|||| ||||| | may d |
| 020 ## - INTERNATIONAL STANDARD BOOK NUMBER | |
| International Standard Book Number | 9789833820504 |
| 040 ## - CATALOGING SOURCE | |
| Original cataloging agency | PPAK |
| Language of cataloging | eng |
| Transcribing agency | PPAK |
| Description conventions | rda |
| 082 04 - DEWEY DECIMAL CLASSIFICATION NUMBER | |
| Classification number | 959.5 |
| Edition number | 23 |
| 090 00 - LOCALLY ASSIGNED LC-TYPE CALL NUMBER (OCLC); LOCAL CALL NUMBER (RLIN) | |
| Classification number (OCLC) (R) ; Classification number, CALL (RLIN) (NR) | 959.5 |
| Feature heading | MUH |
| Feature heading | RK |
| 100 0# - MAIN ENTRY--PERSONAL NAME | |
| Personal name | Muhamad Ridzuan Amin, |
| Relator term | author |
| 245 10 - TITLE STATEMENT | |
| Title | Sejarah pendidikan di Malaysia |
| 264 #1 - PRODUCTION, PUBLICATION, DISTRIBUTION, MANUFACTURE, AND COPYRIGHT NOTICE | |
| Place of production, publication, distribution, manufacture | Subang Jaya, Selangor : |
| Name of producer, publisher, distributor, manufacturer | Mika Cemerlang , |
| Date of production, publication, distribution, manufacture, or copyright notice | 2009 |
| 300 ## - PHYSICAL DESCRIPTION | |
| Extent | 60 pages : |
| Other physical details | illustrations ; |
| Dimensions | 30 cm |
| 336 ## - CONTENT TYPE | |
| Source | rdacontent |
| Content type term | text |
| 337 ## - MEDIA TYPE | |
| Source | rdamedia |
| Media type term | unmediated |
| 338 ## - CARRIER TYPE | |
| Source | rdacarrier |
| Carrier type term | volume |
| 490 1# - SERIES STATEMENT | |
| Series statement | Siri dirgahayu negaraku |
| 650 10 - SUBJECT ADDED ENTRY--TOPICAL TERM | |
| Topical term or geographic name entry element | Malaysia - History |
| 830 #0 - SERIES ADDED ENTRY--UNIFORM TITLE | |
| Uniform title | Siri dirgahayu negaraku |
| 942 ## - ADDED ENTRY ELEMENTS (KOHA) | |
| -- | dc |
| Koha item type | Book |
| Withdrawn | Not for loan | Current library | Shelving location | Date acquired | Full call number | Barcode | Date last seen | Koha item type |
|---|---|---|---|---|---|---|---|---|
| Not For Loan | Perpustakaan Alor Setar | Rujukan Kanak-kanak | 22/02/2009 | RK 959.5 MUH | A01274767 | 09/05/2018 | Book | |
| Not For Loan | Perpustakaan Alor Setar | Rujukan Kanak-kanak | 24/06/2009 | RK 959.5 MUH | A01300968 | 09/05/2018 | Book | |
| Not For Loan | Perpustakaan Awam Sungai Petani | Rujukan Kanak-kanak | 24/06/2009 | RK 959.5 MUH | A01300969 | 09/05/2018 | Book | |
| Not For Loan | Perpustakaan Baling | Rujukan Kanak-kanak | 24/06/2009 | RK 959.5 MUH | A01300975 | 09/05/2018 | Book | |
| Not For Loan | Perpustakaan Bandar Baharu | Rujukan Kanak-kanak | 24/06/2009 | RK 959.5 MUH | A01300976 | 09/05/2018 | Book | |
| Not For Loan | Perpustakaan Jitra | Rujukan Kanak-kanak | 24/06/2009 | RK 959.5 MUH | A01300970 | 09/05/2018 | Book | |
| Not For Loan | Perpustakaan Kuala Nerang | Rujukan Kanak-kanak | 24/06/2009 | RK 959.5 MUH | A01300977 | 09/05/2018 | Book | |
| Not For Loan | Perpustakaan Kulim | Rujukan Kanak-kanak | 24/06/2009 | RK 959.5 MUH | A01300972 | 09/05/2018 | Book | |
| Not For Loan | Perpustakaan Langkawi | Rujukan Kanak-kanak | 24/06/2009 | RK 959.5 MUH | A01300971 | 09/05/2018 | Book | |
| Not For Loan | Perpustakaan Merbok | Rujukan Kanak-kanak | 24/06/2009 | RK 959.5 MUH | A01300979 | 09/05/2018 | Book | |
| Not For Loan | Perpustakaan Pendang | Rujukan Kanak-kanak | 24/06/2009 | RK 959.5 MUH | A01300980 | 09/05/2018 | Book | |
| Not For Loan | Perpustakaan Sik | Rujukan Kanak-kanak | 24/06/2009 | RK 959.5 MUH | A01300974 | 09/05/2018 | Book | |
| Not For Loan | Perpustakaan Sik | Rujukan Kanak-kanak | 24/06/2009 | RK 959.5 MUH | A01300978 | 09/05/2018 | Book | |
| Not For Loan | PD06, Kg. Kepala Bukit, Pendang | Rujukan Kanak-kanak | 24/06/2009 | RK 959.5 MUH | A01300981 | 09/05/2018 | Book |